Pelasta eurooppalaiset nimeämällä valtioita - Statistics

Yleistilastot
  • Tätä visaa on pelattu 3 763 kertaa
  • Keskiarvotulos 521 / 757
Vastaukset kartalla
Vastauksille on annettu kartalla punavihreä väri sen mukaan, kuinka moni on saanut sen oikein.
 
Vastaustilastot
Väkiluku Valtio % Oikein
5 540 720 Suomi
94%
83 783 942 Saksa
90%
10 099 265 Ruotsi
89%
67 515 709 Ranska
87%
46 754 778 Espanja
84%
145 934 462 Venäjä
79%
5 421 241 Norja
78%
60 461 826 Italia
77%
67 886 011 Yhdistynyt kuningaskunta
72%
37 846 611 Puola
70%
43 733 762 Ukraina
62%
10 196 709 Portugali
60%
5 792 202 Tanska
58%
10 423 054 Kreikka
57%
1 326 535 Viro
52%
341 243 Islanti
48%
4 937 786 Irlanti
46%
1 886 198 Latvia
45%
2 722 289 Liettua
43%
19 237 691 Romania
42%
17 134 872 Alankomaat
38%
11 589 623 Belgia
37%
10 708 981 Tšekki
36%
8 654 622 Sveitsi
35%
9 006 398 Itävalta
34%
9 660 351 Unkari
34%
5 459 642 Slovakia
30%
6 948 445 Bulgaria
27%
9 449 323 Valko-Venäjä
26%
6 926 908 Serbia
25%
2 078 938 Slovenia
23%
4 105 267 Kroatia
22%
441 543 Malta
15%
2 877 797 Albania
14%
4 033 963 Moldova
14%
1 810 463 Kosovo
12%
3 280 819 Bosnia ja Hertsegovina
11%
39 242 Monaco
10%
801 Vatikaanivaltio
9%
77 265 Andorra
8%
625 978 Luxemburg
7%
628 066 Montenegro
7%
2 083 374 Pohjois-Makedonia
7%
33 931 San Marino
6%
38 128 Liechtenstein
4%
Ehtoja vastaavia visoja ei löytynyt
Tulosjakauma
Jokaisen tuloksen saaneiden osuus
Persentiili vastausten määrän mukaan
Tuloshistoriasi
Et ole pelannut tätä visaa